[Event "1st St Leon-Rot Open"]
[Site "Sankt Leon-Rot GER"]
[Date "2011.12.29"]
[Round "6"]
[White "Haas,M"]
[Black "Zimmer,F1"]
[Result "1-0"]
[WhiteElo "2191"]
[BlackElo "2099"]

1.e4 c5 2.c3 Nf6 3.e5 Nd5 4.d4 cxd4 5.Nf3 Nc6 6.Bc4 Nb6 7.Bb3 e6 8.O-O d6
9.cxd4 d5 10.Nc3 Be7 11.Bc2 a6 12.Ne1 Bd7 13.a3 Rc8 14.Qg4 g6 15.Nf3 Na7
16.a4 Nc6 17.h4 Nb4 18.Bb1 Nc4 19.h5 Bc6 20.Ng5 Bxg5 21.Bxg5 Qc7 22.hxg6 hxg6
23.Bxg6 Nxe5 24.dxe5 Qxe5 25.Rfe1 Qh2+ 26.Kf1 O-O 27.Bf4 Qh1+ 28.Ke2 Qh8
29.Bb1+ Qg7 30.Qxg7+ Kxg7 31.Bd6  1-0

[Event "XLI Rilton Cup 2011-12"]
[Site "Stockholm SWE"]
[Date "2011.12.29"]
[Round "3"]
[White "Lundin,J"]
[Black "Berggren,J"]
[Result "1/2-1/2"]
[WhiteElo "2314"]
[BlackElo "2150"]

1.e4 c5 2.c3 Nf6 3.e5 Nd5 4.d4 cxd4 5.Qxd4 e6 6.Nf3 Be7 7.Qg4 g6 8.Bd3 d6
9.Nbd2 dxe5 10.Nxe5 Nd7 11.Ndf3 Qc7 12.Bb5 O-O 13.Bxd7 Bxd7 14.Nxd7 Qxd7
15.O-O Rfd8 16.Re1 Bf6 17.Bg5 Qe7 18.h4 Rac8 19.Qa4 a6 20.Rad1 Kg7 21.Qe4 h6
22.Bc1 b5 23.g3 Rc4 24.Qe2 Qc7 25.Nd2 Ra4 26.a3 Kg8 27.Nb1 h5 28.Qf3 Bg7
29.Bg5 Rc8 30.Nd2 Qc6 31.Ne4 f5 32.Nd2 e5 33.Nb1 e4 34.Qe2 Rc4 35.Rd2 Qb7
36.Qd1 Nb6 37.Rd8+ Kh7 38.Re2 R4c7 39.Rxc8 Qxc8 40.Rd2 Rd7 41.Be3 Rxd2 42.Nxd2 Qd8
43.Bxb6 Qxb6 44.Nf1 Qb8 45.Qd5 Qg8 46.Ne3 Qc8 47.Ng2 Qc7 48.Nf4 Bh6 49.Ne6 Qe7
50.Qe5 Qa7 51.Qc7+ Qxc7 52.Nxc7 Bc1 53.Nxa6 Bxb2 54.Nc7 Bxa3 55.Nxb5 Bc5
56.Kf1 Kg7 57.Nc7 Kf6 58.Nd5+ Kf7 59.Ke2 Ba7 60.Nf4 Bb6 61.f3 exf3+ 62.Kxf3 Ba7
63.c4 Kf6 64.Nd3 g5 65.c5 g4+ 66.Ke3 Bb8 67.Nf4 Ke5 68.c6 Kd6 69.Nxh5 Kxc6
70.Kd4 Kd6 71.Ng7 Ba7+ 72.Kd3 Ke5 73.Nh5 Bc5 74.Ke2  1/2-1/2

[Event "48th Groningen Open A"]
[Site "Groningen NED"]
[Date "2011.12.30"]
[Round "9.3"]
[White "Tiviakov,S"]
[Black "Naroditsky,D"]
[Result "1-0"]
[WhiteElo "2650"]
[BlackElo "2472"]

1.e4 c5 2.c3 Nf6 3.e5 Nd5 4.Nf3 Nc6 5.Bc4 Nb6 6.Bb3 c4 7.Bc2 Qc7 8.Qe2 g5
9.e6 dxe6 10.Nxg5 Qe5 11.d4 cxd3 12.Bxd3 Qxe2+ 13.Bxe2 h6 14.Ne4 e5 15.Ng3 Be6
16.Nd2 O-O-O 17.O-O Nd5 18.Nf3 Nf4 19.Bb5 f6 20.Bxf4 exf4 21.Ne2 Bg4 22.Nxf4 e5
23.Ne2 Bxf3 24.gxf3 Rd2 25.b4 a6 26.Bc4 b5 27.Be6+ Kc7 28.Rfe1 Be7 29.Ng3 Rhd8
30.Kg2 a5 31.a3 Kb6 32.h4 Rb2 33.Ra2 Rxa2 34.Bxa2 Rd2 35.Bg8 Rc2 36.Re3 Bf8
37.Rd3 Rc1 38.Bd5 Ra1 39.Bxc6 Kxc6 40.bxa5 Rxa3 41.Rd8 Be7 42.Ra8 Kd7 43.Nf5 Ke6
44.Nxh6 Rxc3 45.h5 Rc7 46.Ng8 Kf5 47.h6 Kg6 48.a6 Bc5 49.Rb8 b4 50.Kf1 Kh7
51.Rb7 Rxb7 52.axb7 Bd6 53.Nxf6+ Kxh6 54.Ke2 Kg6 55.Ne4 Bb8 56.Kd3 Kf5 57.Kc4 Kf4
58.Nd2 Bd6 59.Kd5 Bb8 60.Kc4 Bd6 61.Kb3 Kf5 62.Nc4 Bb8 63.Kxb4 e4 64.fxe4+ Kxe4
65.Kc5 Kf3 66.Kc6 Kxf2 67.Kd7 Kf3 68.Kc8 Bf4 69.Na3 Ke4 70.Nb5 Kd5  1-0

[Event "10th Nantes Open"]
[Site "Nantes FRA"]
[Date "2011.12.30"]
[Round "7.5"]
[White "Okhotnik,V"]
[Black "Delorme,Al"]
[Result "1-0"]
[WhiteElo "2427"]
[BlackElo "2277"]

1.e4 c5 2.c3 Nf6 3.e5 Nd5 4.d4 cxd4 5.cxd4 d6 6.Nf3 Nc6 7.Bc4 Nb6 8.Bb5 dxe5
9.Nxe5 Bd7 10.Nxd7 Qxd7 11.O-O e6 12.Qg4 Nd5 13.Nc3 Nf6 14.Qg3 Be7 15.Qxg7 Rg8
16.Qh6 Qxd4 17.Qf4 Qxf4 18.Bxf4 Rg4 19.g3 Rc8  1-0

[Event "XLI Rilton Cup 2011-12"]
[Site "Stockholm SWE"]
[Date "2011.12.30"]
[Round "4"]
[White "Hansson,F"]
[Black "Pettersson,Anders1"]
[Result "1/2-1/2"]
[WhiteElo "1985"]
[BlackElo "2207"]

1.e4 c5 2.c3 Nf6 3.e5 Nd5 4.d4 cxd4 5.cxd4 Nc6 6.Nf3 d6 7.Bc4 e6 8.O-O Nb6
9.Bb5 dxe5 10.Nxe5 Bd7 11.Nxd7 Qxd7 12.Qf3 Qd5 13.Qxd5 Nxd5 14.Nc3 O-O-O
15.Rd1 Bb4 16.Bxc6 bxc6 17.Ne4 Ne7 18.Ng5 Rdf8 19.Be3 h6 20.Nf3 f6 21.Rac1 Rd8
22.d5 Rxd5 23.Rxd5 exd5 24.Bxa7 Kb7 25.Be3 Nf5 26.Kf1 Ra8 27.a3 Nxe3+ 28.fxe3 Bd6
29.Ke2 c5 30.h3 Rb8 31.Rc2 Kb6 32.Nh4 Be5 33.Nf5 Rb7 34.b4 cxb4 35.axb4 Rd7
36.Rc5 d4 37.exd4 Bxd4 38.Rc4 Be5 39.Rg4 g5 40.Nxh6 Kb5 41.Ke3 Rd1 42.Ke2 Rb1
43.Kf3 Rf1+ 44.Ke2 Rb1 45.Kd3 Rd1+ 46.Kc2  1/2-1/2

[Event "XLI Rilton Cup 2011-12"]
[Site "Stockholm SWE"]
[Date "2012.01.01"]
[Round "5"]
[White "Jonsson,E"]
[Black "Olofsson-Dolk,Mattis"]
[Result "1/2-1/2"]
[WhiteElo "2066"]
[BlackElo "1988"]

1.e4 c5 2.c3 Nf6 3.e5 Nd5 4.d4 cxd4 5.cxd4 d6 6.Bc4 e6 7.Nf3 Nc6 8.O-O Be7
9.exd6 Bxd6 10.Nc3 Nxc3 11.bxc3 O-O 12.Bd3 f5 13.Re1 Qf6 14.Qb3 Na5 15.Qa4 b6
16.Ba3 Bxa3 17.Qxa3 Bb7 18.Ne5 Qg5 19.f3 Rac8 20.Bb5 Rc7 21.Qd6 Qe7 22.Qxe7 Rxe7
23.Nc4 Nxc4 24.Bxc4 Kf7 25.Re5 Rc8 26.Bb3 Rxc3  1/2-1/2

[Event "15th Guben Neujahrsopen"]
[Site "Guben GER"]
[Date "2012.01.02"]
[Round "1.1"]
[White "Sumets,A"]
[Black "Czepczynski,B1"]
[Result "1-0"]
[WhiteElo "2569"]
[BlackElo "2056"]

1.e4 c5 2.c3 Nf6 3.e5 Nd5 4.d4 cxd4 5.Nf3 d6 6.exd6 Qxd6 7.Nxd4 a6 8.Na3 Nc6
9.Nc4 Qc7 10.Nxc6 bxc6 11.Be2 e5 12.O-O Be7 13.Bf3 O-O 14.Re1 Bf6 15.Qa4 a5
16.Ne3 Be6 17.Ng4  1-0

[Event "24th Staufer-Open"]
[Site "Schwaebisch Gmuend GER"]
[Date "2012.01.02"]
[Round "2"]
[White "Fink,L"]
[Black "Zubarev,Al1"]
[Result "0-1"]
[WhiteElo "2122"]
[BlackElo "2597"]

1.e4 c5 2.c3 Nf6 3.e5 Nd5 4.d4 cxd4 5.Nf3 e6 6.cxd4 b6 7.Nc3 Bb7 8.Bd2 Nxc3
9.bxc3 d6 10.Bd3 Nd7 11.exd6 Bxd6 12.O-O O-O 13.c4 e5 14.Ng5 Nf6 15.Qc2 h6
16.Nh7 Re8 17.c5 Rc8 18.Nxf6+ Qxf6 19.Qb3 Bb8 20.cxb6 axb6 21.Rab1 exd4 22.Qxb6 Bc6
23.Rfe1 Qd6 24.f4 Qd5 25.Bf1 d3 26.Qb3 Ba7+ 27.Kh1 Qd4 28.Be3 Bxg2+  0-1

[Event "Hastings Masters 2011-12"]
[Site "Hastings ENG"]
[Date "2012.01.03"]
[Round "7.12"]
[White "Eames,R"]
[Black "Das,Arg"]
[Result "0-1"]
[WhiteElo "2241"]
[BlackElo "2470"]

1.e4 c5 2.c3 Nf6 3.e5 Nd5 4.Nf3 e6 5.d4 cxd4 6.cxd4 d6 7.a3 Bd7 8.Bd3 Bc6
9.O-O Nd7 10.Re1 Be7 11.Nbd2 dxe5 12.dxe5 Nc5 13.Bc2 Nf4 14.Re3 a5 15.Qf1 Qd7
16.Qc4 g5 17.Nxg5 Bxg5 18.Qxc5 Nxg2 19.Rd3 Be7 20.Rd6 Bxd6 21.exd6 Rg8 22.Ne4 Ne3+
23.Ng3 Nxc2 24.Bg5 Bd5  0-1

[Event "24th Staufer-Open"]
[Site "Schwaebisch Gmuend GER"]
[Date "2012.01.03"]
[Round "3"]
[White "Fleischer,F"]
[Black "Stets,D"]
[Result "0-1"]
[WhiteElo "2200"]
[BlackElo "2479"]

1.e4 c5 2.c3 Nf6 3.e5 Nd5 4.d4 cxd4 5.Nf3 Nc6 6.Bc4 e6 7.cxd4 d6 8.O-O Be7
9.Qe2 O-O 10.Rd1 Na5 11.Bxd5 exd5 12.Nc3 Be6 13.Bf4 Re8 14.Rac1 a6 15.h3 Rc8
16.Qd2 Nc4 17.Qe2 Qa5 18.exd6 Nxd6 19.Re1 h6 20.Ne5 Nf5 21.Qd2 Bf8 22.a3 b5
23.Ra1 Qb6 24.Red1 Nd6 25.Be3 Qb7 26.Bf4 Bf5 27.b3 Ne4 28.Nxe4 dxe4 29.d5 e3
30.fxe3 Rc2 31.Qe1 Be4 32.Rd2 Rxd2 33.Qxd2 Rd8 34.b4 Rxd5 35.Qe2 g5 36.Bh2 Bg7  0-1

[Event "Cracovia Open A"]
[Site "Krakow POL"]
[Date "2012.01.04"]
[Round "9.9"]
[White "Skawinski,A"]
[Black "Toma,K"]
[Result "0-1"]
[WhiteElo "2300"]
[BlackElo "2297"]

1.e4 c5 2.c3 Nf6 3.e5 Nd5 4.d4 cxd4 5.Nf3 Nc6 6.Bc4 Nb6 7.Bb3 g6 8.cxd4 Bg7
9.d5 Nxe5 10.Nxe5 Bxe5 11.Bh6 d6 12.Nc3 Qd7 13.h3 Qf5 14.Qd2 Bd7 15.O-O g5
16.Bxg5 Rg8 17.f4 Bxc3 18.Qxc3 h6 19.Bxh6 f6 20.Qd2 Qxh3 21.f5 Kf7 22.Rae1 Rae8
23.Re3 Qh4 24.Rff3 Qg4 25.Qf2 Rc8 26.Rc3 Rxc3 27.bxc3 Rh8 28.Be3 Rh5 29.Bc2 Qg8
30.Bxb6 axb6 31.Qxb6 Qh8 32.Kf2 Rh1 33.Bd3 Qh4+ 34.Rg3 Qf4+ 35.Rf3 Qd2+ 36.Be2 Qe1+
37.Ke3 Qxc3+ 38.Bd3 Qe5+  0-1

[Event "24th Staufer-Open"]
[Site "Schwaebisch Gmuend GER"]
[Date "2012.01.04"]
[Round "6"]
[White "Schoenberger,P"]
[Black "Gutman,L"]
[Result "0-1"]
[WhiteElo "2159"]
[BlackElo "2462"]

1.e4 c5 2.c3 Nf6 3.e5 Nd5 4.Nf3 g6 5.d4 cxd4 6.cxd4 Bg7 7.Bc4 Nb6 8.Bb3 O-O
9.O-O Nc6 10.Bf4 d6 11.exd6 Bg4 12.dxe7 Qxe7 13.Be3 Rad8 14.Nc3 Nxd4 15.Bxd4 Bxd4
16.Qe1 Qxe1 17.Rfxe1 Bxf3 18.gxf3 Bxc3 19.bxc3 Rd7 20.Re5 Rc8 21.Rc1 Nc4
22.Re2 Kf8 23.Rce1 b5 24.Kg2 Nb6 25.Re5 a6 26.h4 Rxc3 27.h5 Kg7 28.hxg6 hxg6
29.R1e4 Kf6 30.Re8 Nc8 31.Rg8 Nd6 32.Rd4 a5 33.Rb8 Ke7 34.Bd1 Rc5 35.Be2 b4
36.f4 Rc2 37.Bf3 Rxa2 38.Rd1 Nf5 39.Re1+ Kf6 40.Bc6 Rdd2  0-1

[Event "Northern California International"]
[Site "Fremont USA"]
[Date "2012.01.05"]
[Round "5"]
[White "Bryant,J"]
[Black "Santarius,E"]
[Result "0-1"]
[WhiteElo "2401"]
[BlackElo "2276"]

1.e4 c5 2.c3 Nf6 3.e5 Nd5 4.Nf3 e6 5.d4 cxd4 6.cxd4 b6 7.Bc4 Ba6 8.Bxa6 Nxa6
9.Bg5 Be7 10.Bxe7 Qxe7 11.Nbd2 Qb4 12.O-O O-O 13.Qb1 f5 14.exf6 gxf6 15.Kh1 Rac8
16.Rg1 Qb5 17.Qe4 Nab4 18.Qh4 Nd3 19.Raf1 Kh8 20.g4 N5f4 21.g5 Ng6 22.Qh6 Qd5
23.h4 Qf5 24.Rg3 Qf4 25.Kg1 Ne7 26.Qh5 Qf5 27.Nh2 fxg5 28.hxg5 Nf4 29.Qf3 Qb5
30.Re1 Nh3+ 31.Rxh3 Rxf3 32.Ndxf3 Qf5 33.Rg3 Ng6 34.Ng4 Nf4 35.Nh6 Qd3 36.Nf7+ Kg7
37.N7e5 Qb5 38.a4 Qxb2 39.g6 hxg6 40.Nxg6 Nxg6 41.Ne5 Rc1 42.Rxc1 Qxc1+ 43.Kg2 Qc2  0-1

[Event "24th Staufer-Open"]
[Site "Schwaebisch Gmuend GER"]
[Date "2012.01.05"]
[Round "7"]
[White "Erker,T"]
[Black "Muth,Matthias"]
[Result "1/2-1/2"]
[WhiteElo "2162"]
[BlackElo "2006"]

1.e4 c5 2.c3 Nf6 3.e5 Nd5 4.d4 cxd4 5.Nf3 e6 6.cxd4 Nc6 7.Bc4 Nb6 8.Bb3 d6
9.Qe2 dxe5 10.dxe5 Bb4+ 11.Bd2 Bxd2+ 12.Nbxd2 O-O 13.O-O Nd4 14.Nxd4 Qxd4
15.Nf3 Qd8 16.Qe4 Nd7 17.Rad1 Qe7 18.Bc2 g6 19.Rd6 Nc5 20.Qe3 b6 21.Rfd1 Bb7
22.b4 Bxf3 23.Qxf3 Na6 24.Qa3 Rac8 25.Be4 Nb8 26.g3 Rc7 27.Qd3 Kg7 28.b5 Rfc8
29.Rd8 Rxd8 30.Qxd8 Qxd8 31.Rxd8 Nd7 32.f4 Rc1+ 33.Kg2 Nc5 34.Bc6 Rc2+ 35.Kh3 Rxa2
36.Rc8 h6 37.Rc7 Kf8 38.Rc8+ Kg7 39.Rc7 Kf8 40.Rc8+  1/2-1/2

[Event "XLI Rilton Cup 2011-12"]
[Site "Stockholm SWE"]
[Date "2012.01.05"]
[Round "9"]
[White "Rozentalis,E"]
[Black "Lindberg,Be"]
[Result "1-0"]
[WhiteElo "2586"]
[BlackElo "2415"]

1.e4 c5 2.c3 Nf6 3.e5 Nd5 4.Nf3 e6 5.Bc4 d6 6.d4 cxd4 7.cxd4 Nc6 8.O-O Be7
9.exd6 Qxd6 10.Nc3 O-O 11.Re1 b6 12.Nxd5 exd5 13.Bb5 Bf6 14.Qa4 Bd7 15.Bg5 Bxg5
16.Nxg5 f6 17.Nf3 a6 18.Bxc6 Bxc6 19.Qb3 Bd7 20.Nd2 Be6 21.Re3 Bf7 22.Rc1 Rac8
23.Rec3 Rxc3 24.Qxc3 Re8 25.Nf1 h5 26.Ne3 a5 27.a3 Qf4 28.Qd3 Qe4 29.Qd2 Be6
30.b4 Rc8 31.Re1 Qf4 32.h3 Qc7 33.bxa5 bxa5 34.Qe2 Bf7 35.Nf5 Re8 36.Qd2 Rxe1+
37.Qxe1 Kf8 38.Ne3 Be6 39.h4 Kf7 40.g3 g6 41.Qd2 Qb6 42.Kg2 g5 43.Qc3 Kg7
44.Kf3 a4 45.Qc5 Qb7 46.Qd6 Kf7 47.Kg2 gxh4 48.gxh4 Qb1 49.Qc7+ Kf8 50.Qc2 Qb8
51.Qxa4 Qf4 52.Qb4+ Kf7 53.a4 Qxh4 54.a5 Bf5 55.Qe7+ Kg6 56.Qg7+  1-0

[Event "TCh-NED Meesterklasse 2011-12"]
[Site "Netherlands NED"]
[Date "2012.01.07"]
[Round "5.3"]
[White "Brandenburg,D"]
[Black "Kabatianski,A"]
[Result "1-0"]
[WhiteElo "2522"]
[BlackElo "2410"]

1.e4 c5 2.c3 Nf6 3.e5 Nd5 4.Nf3 Nc6 5.Bc4 Nb6 6.Bb3 c4 7.Bc2 d6 8.exd6 Qxd6
9.O-O Bg4 10.Re1 Ne5 11.Rxe5 Bxf3 12.Qe1 Bd5 13.b3 e6 14.Ba3 Qd7 15.Bxf8 Kxf8
16.Na3 g6 17.bxc4 Nxc4 18.Nxc4 Bxc4 19.Rc5 Rc8 20.Qe5 Rg8 21.Ba4 Qd8 22.Qd4 b5
23.Rxc8 Qxc8 24.Bc2 Qc7 25.a4 e5 26.Qe3 bxa4 27.Rxa4 a5 28.Qh6+ Rg7 29.Qg5 f5
30.Qf6+ Rf7 31.Qh8+ Ke7 32.Ra1 Rf8 33.Qxh7+  1-0

[Event "11th Prague Open A"]
[Site "Prague CZE"]
[Date "2012.01.14"]
[Round "2"]
[White "Batista,Ger"]
[Black "Stefansson,H"]
[Result "0-1"]
[WhiteElo "2239"]
[BlackElo "2534"]

1.e4 c5 2.c3 Nf6 3.e5 Nd5 4.d4 e6 5.Nf3 cxd4 6.cxd4 d6 7.a3 Bd7 8.Be2 Bc6
9.O-O Nd7 10.Bd2 dxe5 11.dxe5 Be7 12.Nc3 O-O 13.Nxd5 Bxd5 14.Bc3 Qb6 15.Qd4 Qxd4
16.Nxd4 a6 17.Rfe1 Rac8 18.Bf3 Nb6 19.Bxd5 Nxd5 20.Bd2 Rc4 21.Nf3 Rc2 22.b4 Rfc8
23.Rac1 h6 24.Nd4 R2c7 25.Rxc7 Rxc7 26.Rc1 Rd7 27.Nb3 g5 28.Kf1 Kg7 29.Ke2 h5
30.h3 h4 31.g3 hxg3 32.fxg3 Kg6 33.Rc4 Nb6 34.Rd4 Rxd4 35.Nxd4 Nc4 36.Bc3 Bf8
37.g4 Bg7 38.Nf3 Nxa3 39.Kd3 Nb5 40.Bb2 Bf8 41.Kc4 Nc7 42.Bd4 b5+ 43.Kb3 Nd5
44.Bc5 Bg7 45.Bd6 Nf4 46.Ng1 Nd3 47.Nf3 Nf2 48.Ng1 f6 49.exf6 Bxf6 50.Bc5 Nd3  0-1

[Event "TCh-BEL 2011-12"]
[Site "Belgium BEL"]
[Date "2012.01.15"]
[Round "6.4"]
[White "Fiebig,T"]
[Black "Michalczak,T"]
[Result "1/2-1/2"]
[WhiteElo "2417"]
[BlackElo "2316"]

1.e4 c5 2.c3 Nf6 3.e5 Nd5 4.d4 cxd4 5.Nf3 Nc6 6.cxd4 d6 7.Bc4 Nb6 8.Bb5 dxe5
9.Nxe5 Bd7 10.Nxd7 Qxd7 11.Nc3 e6 12.O-O Be7 13.Qg4 O-O 14.Bxc6 bxc6 15.Bh6 Bf6
16.Rfd1 Nd5 17.Ne4 Qe7 18.Rac1 Rac8 19.h4 Rfe8 20.a3 Kh8 21.Bg5 h6 22.Rd3 Qf8
23.Bxf6 gxf6 24.Qg3 Red8 25.Rb3 Qe7 26.Nc5 Rg8 27.Qh2 Rg4  1/2-1/2

[Event "10th Parsvnath Open"]
[Site "New Delhi IND"]
[Date "2012.01.15"]
[Round "2"]
[White "Patil,Pr2"]
[Black "Oleksienko,M"]
[Result "1-0"]
[WhiteElo "2193"]
[BlackElo "2563"]

1.e4 c5 2.c3 Nf6 3.e5 Nd5 4.d4 cxd4 5.Nf3 Nc6 6.cxd4 d6 7.Bc4 dxe5 8.dxe5 Ndb4
9.Qxd8+ Nxd8 10.Na3 a6 11.O-O b5 12.Be2 Ndc6 13.Bd2 e6 14.Rfc1 Bb7 15.Nxb5 axb5
16.Bxb5 Ra5 17.Bxc6+ Nxc6 18.Rxc6 Rxa2 19.Rxe6+ fxe6 20.Rxa2 Bd5 21.Ra7 Be7
22.Nd4 h6 23.Rc7 Rg8 24.Nb5 Rf8 25.Rxe7+ Kxe7 26.Bb4+ Kf7 27.Bxf8 Kxf8 28.f4 Bc4
29.Nd6 Bb3 30.Kf2 Ke7 31.Ke3 Kd7 32.Kd4 Kc6 33.Nc4 Bd1 34.b4 Be2 35.Nd6 h5
36.g3 Bf1 37.b5+ Kb6 38.f5 exf5 39.e6  1-0

[Event "56th ch-BLR w 2012"]
[Site "Minsk BLR"]
[Date "2012.01.17"]
[Round "8.5"]
[White "Beinenson,Katsiaryna"]
[Black "Revo,T"]
[Result "0-1"]
[WhiteElo "1914"]
[BlackElo "2066"]

1.e4 c5 2.c3 Nf6 3.e5 Nd5 4.d4 cxd4 5.Nf3 Nc6 6.cxd4 g6 7.Qb3 e6 8.Nc3 d6
9.Bb5 Qb6 10.Nxd5 exd5 11.Qxd5 Be6 12.Bxc6+ bxc6 13.Qe4 dxe5 14.O-O Bg7 15.dxe5 Bd5
16.Qe2 O-O 17.Be3 Qc7 18.Bd4 Rfe8 19.Rac1 Bxa2 20.Rc5 Bd5 21.Rfc1 Qd7 22.Rd1 Qe7
23.b4 Rad8 24.Ra5 Qxb4 25.Rxa7 Qb3 26.Nd2 Qc2 27.Rda1 c5 28.Rc7 Rc8 29.Rxc8 Rxc8
30.Be3 Bxe5 31.Re1 c4 32.Bh6 f6 33.Qg4 Qf5 34.Qxf5 gxf5 35.Rc1 Kf7 36.Kf1 c3
37.Nf3 Bxf3 38.gxf3 f4 39.Ke2 Kg6  0-1

[Event "12th ch-CRO"]
[Site "Opatija CRO"]
[Date "2012.01.20"]
[Round "4.4"]
[White "Stevic,H"]
[Black "Kozul,Z"]
[Result "0-1"]
[WhiteElo "2624"]
[BlackElo "2601"]

1.e4 c5 2.c3 Nf6 3.e5 Nd5 4.d4 cxd4 5.Nf3 e6 6.cxd4 d6 7.Bc4 Be7 8.O-O O-O
9.Bd2 b6 10.Bxd5 exd5 11.Nc3 dxe5 12.dxe5 d4 13.Nb5 Nc6 14.Qa4 Bg4 15.Nfxd4 Nxd4
16.Qxd4 Be2 17.Nd6 Bxf1 18.Rxf1 Qd7 19.Bc3 Bxd6 20.exd6 f6 21.a4 Qc6 22.a5 Rad8
23.Bb4 Rfe8 24.axb6 axb6 25.Qc3 Qxc3 26.bxc3 Kf7 27.g3 Ra8 28.Rd1 Re6 29.Rd4 Ree8
30.h4 Ra7 31.Kg2 Ke6 32.Re4+ Kd7 33.Re7+ Rxe7 34.dxe7 Ra1 35.Kf3 Re1 36.Kf4 Re5
37.g4 g6 38.f3 Re2 39.Ba3 Kc6 40.Bb4 Kd5 41.g5 f5 42.Ba3 Kc6 43.Bb4 Kd7 44.Ba3 Ke8
45.Bb4 Re6 46.Kg3 Rc6 47.Kf4 Rc4+ 48.Kg3 Kd7 49.f4 Rxb4 50.cxb4 Kxe7 51.Kf3 Kd6
52.Ke3 Kd5 53.b5 Kc4  0-1

[Event "Frauenbundesliga 2011-12"]
[Site "Germany GER"]
[Date "2012.01.21"]
[Round "6.4"]
[White "Nikolova,A"]
[Black "Fuchs,Ju"]
[Result "1-0"]
[WhiteElo "2268"]
[BlackElo "2217"]

1.e4 c5 2.c3 Nf6 3.e5 Nd5 4.d4 cxd4 5.Nf3 Nc6 6.cxd4 d6 7.Bc4 Nb6 8.Bb5 dxe5
9.Nxe5 Bd7 10.Nxd7 Qxd7 11.Nc3 e6 12.O-O Be7 13.Qg4 O-O 14.Rd1 Bf6 15.Ne4 Nd5
16.Bxc6 bxc6 17.Bh6 Qe7 18.Rac1 Rab8 19.b3 Rfc8 20.Rd3 Kh8 21.Bf4 Nxf4 22.Qxf4 Rb4
23.Nxf6 Qxf6 24.Qd6 Qg5 25.Rc5 Qg6 26.Rxc6 Rbb8 27.Rd1 h6 28.Rc7 Qh5 29.Rdc1 Rd8
30.Qf4 Rb4 31.Qxf7 Qxf7 32.Rxf7 Rbxd4 33.g3 Rd1+ 34.Rxd1 Rxd1+ 35.Kg2 a5
36.Ra7 Rd5 37.Ra6 Re5 38.a4 Kg8 39.Ra7 Rc5 40.Rb7 Rc3 41.h4 h5 42.Rb5 g6
43.Rb7 Kf8 44.Kf1 Rf3 45.Ke1 Rd3 46.Ke2 Rc3 47.f3 Kg8 48.Re7 Rxb3 49.Rxe6 Kf7
50.Ra6 Ra3 51.Rxa5 Kf6 52.Kf2 Ke6 53.g4 hxg4 54.fxg4 Rh3 55.h5 gxh5 56.Rxh5 Ra3
57.Ra5 Kf6 58.g5+ Kg6 59.Ke2 Rg3 60.Kd2 Ra3 61.Kc2 Rg3 62.Rc5 Ra3 63.a5 Kf7
64.Kb2 Ra4 65.Re5 Rb4+ 66.Kc3 Rb1 67.Kc4 Ra1 68.Kb5 Rb1+ 69.Kc6 Ra1 70.Kb6  1-0

[Event "Frauenbundesliga 2011-12"]
[Site "Germany GER"]
[Date "2012.01.22"]
[Round "7.5"]
[White "Kiefhaber,V"]
[Black "Erben,L"]
[Result "1-0"]
[WhiteElo "2217"]
[BlackElo "2035"]

1.e4 c5 2.c3 Nf6 3.e5 Nd5 4.Nf3 b6 5.Bc4 Bb7 6.O-O e6 7.d4 cxd4 8.Nxd4 Qc7
9.Qe2 Nc6 10.Nb5 Qxe5 11.Qxe5 Nxe5 12.Bxd5 Bxd5 13.Nc7+ Kd8 14.Nxa8 Bxa8
15.Rd1 Bc5 16.Bf4 Ng4 17.Bg3 h5 18.b4 Be7 19.h3 Nh6 20.a4 Nf5 21.Bb8 a6 22.Na3 d5
23.b5 a5 24.Bf4 g5 25.Bh2 g4 26.hxg4 hxg4 27.Nc2 Bc5 28.Be5 Rh7 29.Bd4 Nxd4
30.cxd4 Bd6 31.g3 e5 32.Kg2 exd4 33.Nxd4 Be5 34.Rd2 f5 35.Rh1 Rf7 36.Rh5 Kd7
37.Rxf5 Rxf5 38.Nxf5 Ke6 39.Nd4+ Kd6 40.f4 Bf6 41.Kf2 Bb7 42.Ke3 Bc8 43.Rh2 Bd7
44.Rh6 Ke7 45.Nc6+ Ke6 46.Ne5 Kf5 47.Nxd7 Bd4+ 48.Kd3  1-0

[Event "Gibraltar Open"]
[Site "Caleta ENG"]
[Date "2012.01.24"]
[Round "1.76"]
[White "Peredy,F"]
[Black "Fransson,A"]
[Result "1-0"]
[WhiteElo "2180"]
[BlackElo "1967"]

1.e4 c5 2.c3 Nf6 3.e5 Nd5 4.d4 cxd4 5.Nf3 Nc6 6.Bc4 Nb6 7.Bb3 d6 8.exd6 e6
9.cxd4 Bxd6 10.O-O Nd5 11.Nc3 O-O 12.Re1 Nce7 13.Bc2 Ng6 14.Bg5 f6 15.Bd2 Re8
16.Ne4 Bc7 17.Rc1 e5 18.Bb3 Be6 19.Nc5 Bf7 20.Nxb7 Qc8 21.Nd6 Bxd6 22.Rxc8 Raxc8
23.dxe5 Nxe5 24.Nxe5 Bxe5 25.Qf3 Rcd8 26.Ba5 Nb6 27.Bxf7+ Kxf7 28.g3 Rd6
29.Qh5+ g6 30.Qxh7+ Ke6 31.f4 Nc4 32.Bc3 Re7 33.Qxg6 Kd7 34.Qf5+ Kc7 35.Bb4  1-0

[Event "Gibraltar Open"]
[Site "Caleta ENG"]
[Date "2012.01.24"]
[Round "1.75"]
[White "Flynn,D"]
[Black "Scheckenbach,F"]
[Result "0-1"]
[WhiteElo "1973"]
[BlackElo "2182"]

1.e4 c5 2.c3 Nf6 3.e5 Nd5 4.d4 cxd4 5.cxd4 d6 6.Nf3 Nc6 7.Bc4 Nb6 8.Bb3 Bg4
9.Bxf7+ Kd7 10.Bb3 d5 11.Be3 e6 12.Nc3 Bb4 13.a3 Bxc3+ 14.bxc3 Na5 15.Qd3 Nbc4
16.Bxc4 Nxc4 17.Qb1 Kc7 18.Bc1 Rc8 19.a4 Kb8 20.Ba3 Bxf3 21.gxf3 Qg5 22.Qc1 Qg2
23.Ke2 Rhf8 24.Bxf8 Rxf8 25.Rf1 Qxf3+ 26.Ke1 Rf4  0-1

[Event "Gibraltar Open"]
[Site "Caleta ENG"]
[Date "2012.01.25"]
[Round "2.78"]
[White "Compton,A"]
[Black "Borosova,Z"]
[Result "1-0"]
[WhiteElo "2051"]
[BlackElo "2284"]

1.e4 c5 2.c3 Nf6 3.e5 Nd5 4.Nf3 Nc6 5.Bc4 Nb6 6.Bb3 d5 7.exd6 c4 8.Bc2 Qxd6
9.O-O Bg4 10.Qe2 Qe6 11.Qxe6 Bxe6 12.Na3 Bd5 13.b3 Bxf3 14.gxf3 O-O-O 15.Nxc4 Nxc4
16.bxc4 Ne5 17.d4 Nxc4 18.Bd3 Nb6 19.Rb1 e6 20.Rb3 Rd7 21.a4 Nd5 22.Bd2 Bd6
23.Rfb1 f5 24.Bb5 Rf7 25.c4 Nf6 26.c5 Bc7 27.Bc4 Nd5 28.Rxb7 g5 29.Ba6 Kd7
30.Rxa7 g4 31.Bb5+ Ke7 32.Bc6 Kf6 33.Rbb7 gxf3 34.Bxd5 Rg7+ 35.Kf1 Rhg8 36.Bxf3  1-0

[Event "Gibraltar Open"]
[Site "Caleta ENG"]
[Date "2012.01.26"]
[Round "3.106"]
[White "Ali,Se"]
[Black "Ranaivoharisoa,A"]
[Result "1-0"]
[WhiteElo "2292"]
[BlackElo "2135"]

1.e4 c5 2.c3 Nf6 3.e5 Nd5 4.d4 cxd4 5.cxd4 e6 6.Nf3 d6 7.Bc4 Nb6 8.Bd3 Nc6
9.a3 Qc7 10.Bf4 Nd5 11.Bg3 dxe5 12.dxe5 g6 13.O-O Bg7 14.Nbd2 O-O 15.Rc1 Bd7
16.b4 a6 17.Ne4 Rfc8 18.Bc4 Nxe5 19.Bxe5 Bxe5 20.Bxd5 Qxc1 21.Qxc1 Rxc1 22.Rxc1 Bf4
23.Rc5 Rd8 24.g3 Bb5 25.gxf4 exd5 26.Nc3 Bc4 27.b5 axb5 28.Nd4 Ra8 29.Ncxb5 Ra5
30.Rc8+ Kg7 31.Nd6 Ra6 32.Nxc4 dxc4 33.Rxc4 Rxa3 34.Rc7 Ra4 35.Ne6+ Kf6 36.Nd8 Kf5
37.Rxf7+ Kg4 38.Rxh7 b5 39.Kg2 Rxf4 40.Rb7 Rf5 41.Ne6  1-0

[Event "ch-Belgrade w 2012"]
[Site "Belgrade SRB"]
[Date "2012.01.27"]
[Round "6.4"]
[White "Pihajlic,A"]
[Black "Milanovic,Ma"]
[Result "0-1"]
[WhiteElo "1936"]
[BlackElo "1868"]

1.e4 c5 2.c3 Nf6 3.e5 Nd5 4.d4 cxd4 5.cxd4 e6 6.Nc3 d6 7.Nxd5 exd5 8.Nf3 Nc6
9.exd6 Bxd6 10.Qe2+ Be6 11.a3 O-O 12.Be3 Re8 13.Qd2 Na5 14.Rd1 Rc8 15.Bb5 Nc4
16.Bxc4 Rxc4 17.Rc1 Bg4 18.Rxc4 dxc4 19.O-O Bxf3 20.gxf3 Qh4 21.f4 Qg4+ 22.Kh1 Qf3+
23.Kg1 Re6 24.f5 Re4  0-1

[Event "74th Tata Steel GMB"]
[Site "Wijk aan Zee NED"]
[Date "2012.01.27"]
[Round "11"]
[White "Tiviakov,S"]
[Black "Lahno,Kateri"]
[Result "1-0"]
[WhiteElo "2677"]
[BlackElo "2557"]

1.e4 c5 2.c3 Nf6 3.e5 Nd5 4.Nf3 Nc6 5.Bc4 Nb6 6.Bb3 d5 7.exd6 Qxd6 8.O-O c4
9.Bc2 Bg4 10.Qe2 Qf6 11.Be4 Bf5 12.Na3 Bxe4 13.Qxe4 Qg6 14.Re1 Qxe4 15.Rxe4 Rd8
16.Nxc4 f5 17.Rh4 Nxc4 18.Rxc4 e5 19.d4 e4 20.Ng5 Ke7 21.f3 h6 22.fxe4 hxg5
23.Bxg5+ Kd7 24.Bxd8 Nxd8 25.Ra4 fxe4 26.Rxa7 Bd6 27.g3 Ne6 28.Kg2 Ng5 29.Rxb7+ Bc7
30.Re1 Kc6 31.Ra7 Rxh2+ 32.Kxh2 Nf3+ 33.Kg2 Nxe1+ 34.Kf2 Nd3+ 35.Ke3 Nxb2
36.Kxe4 Bxg3 37.Rxg7 Be1 38.Rg2  1-0

[Event "Moscow Open 2012 A"]
[Site "Moscow RUS"]
[Date "2012.01.28"]
[Round "1.90"]
[White "Kuindzhy,A"]
[Black "Venkatesh,M"]
[Result "1/2-1/2"]
[WhiteElo "2407"]
[BlackElo "2499"]

1.e4 c5 2.c3 Nf6 3.e5 Nd5 4.d4 cxd4 5.Qxd4 e6 6.Nf3 Nc6 7.Qc4 f5 8.exf6 Nxf6
9.Qh4 d5 10.Bd3 Bd6 11.Ng5 Ne5 12.Bc2 Bd7 13.O-O Qb6 14.b3 O-O-O 15.Be3 Qc7
16.Nd2 h6 17.Ngf3 Neg4 18.Bg6 e5 19.g3 Kb8 20.Rac1 e4 21.Nd4 Ne5 22.Bf5 Bxf5
23.Nxf5 g5 24.Qh3 Qd7 25.f3 exf3 26.Nxf3 Neg4 27.Nxd6 Nxe3 28.Qxd7 Rxd7 29.Rfe1 Nfg4
30.Nb5 Rf8 31.Nbd4 Rdf7 32.h3 Rxf3 33.Nxf3 Rxf3 34.hxg4 Nxg4 35.Rc2 h5 36.Kg2 Rd3  1/2-1/2

[Event "Moscow Open Women 2012"]
[Site "Moscow RUS"]
[Date "2012.01.28"]
[Round "1.23"]
[White "Burtasova,A"]
[Black "Obolentseva,Alexandra"]
[Result "1-0"]
[WhiteElo "2263"]
[BlackElo "1897"]

1.e4 c5 2.c3 Nf6 3.e5 Nd5 4.Bc4 Nb6 5.Bb3 Nc6 6.Nf3 g6 7.O-O Bg7 8.d4 cxd4
9.cxd4 d6 10.Ng5 e6 11.f4 dxe5 12.dxe5 O-O 13.Nc3 Qe7 14.Be3 Rd8 15.Qe2 Nd4
16.Bxd4 Rxd4 17.Nb5 Rxf4 18.Rxf4 Qxg5 19.Raf1 Nd7 20.Rxf7 Nc5 21.Qf2 Bd7
22.Qxc5 Rc8 23.Qe7  1-0